<?xml version="1.0" encoding="UTF-8"?>
<marc:record xmlns:marc="http://www.loc.gov/MARC21/slim">
   <marc:leader>00000nam a2200000 a 4500</marc:leader>
   <marc:datafield ind1="1" ind2=" " tag="100">
      <marc:subfield code="a">Kus, Sofia</marc:subfield>
      <marc:subfield code="4">aut</marc:subfield>
      <marc:subfield code="e">Verfasser/-in</marc:subfield>
   </marc:datafield>
   <marc:datafield ind1="0" ind2="0" tag="245">
      <marc:subfield code="a">Sweet Cruel Love</marc:subfield>
   </marc:datafield>
   <marc:datafield ind1="0" ind2="0" tag="245">
      <marc:subfield code="b">Du wirst leiden</marc:subfield>
   </marc:datafield>
   <marc:datafield ind1=" " ind2="1" tag="264">
      <marc:subfield code="b">Independently published</marc:subfield>
      <marc:subfield code="c">2023</marc:subfield>
   </marc:datafield>
   <marc:datafield ind1="1" ind2=" " tag="490">
      <marc:subfield code="a">Brandford Elite University</marc:subfield>
   </marc:datafield>
   <marc:datafield ind1="1" ind2=" " tag="520">
      <marc:subfield code="a">Bentley Gardner hat der Amoklauf an der Brandford Elite University schwer getroffen. Um dem Schmerz zu entkommen, hat er sich den Drogen hingegeben, bis es fast zu spät war. Nach einem Entzug kämpft er nicht nur darum, clean zu bleiben, sondern muss auch die dadurch verlorene Zeit an der Brandford wieder aufholen.
Dekan Murphy weist ihm als Unterstützung die Vorzeigestudentin Millie Giraud zu. Ausgerechnet die Frau, die ihn an den schlimmsten Tag seines Lebens erinnert. Die beiden verbindet nicht nur der Schmerz und Verlust, sondern auch ein vermeintliches Geheimnis, das Millie mit sich herumträgt. Da ist so viel Hass, so viel Schmerz, aber auch so viel Verbotenes, was niemals sein darf.</marc:subfield>
   </marc:datafield>
   <marc:datafield ind1=" " ind2=" " tag="020">
      <marc:subfield code="a">9798863480947</marc:subfield>
      <marc:subfield code="9">9798863480947</marc:subfield>
   </marc:datafield>
</marc:record>
